Οι υποψήφιοι εκπαιδευτικοί παρατηρούν, παρεμβαίνουν και αναστοχάζονται : (Record no. 9873)
[ view plain ]
| 000 -LEADER | |
|---|---|
| fixed length control field | 04184nam a22002177a 4500 |
| 003 - ΤΑΥΤΟΤΗΤΑ ΤΟΥ ΑΡΙΘΜΟΥ ΕΛΕΓΧΟΥ | |
| Πεδίο ελέγχου | GR-AtMCL |
| 005 - ΗΜΕΡΟΜΗΝΙΑ ΚΑΙ ΩΡΑ ΤΕΛΕΥΤΑΙΑΣ ΕΝΗΜΕΡΩΣΗΣ | |
| Πεδίο ελέγχου | 20250805111908.0 |
| 006 - FIXED-LENGTH DATA ELEMENTS--ADDITIONAL MATERIAL CHARACTERISTICS | |
| Πεδίο ελέγχου σταθερού μήκους | a|||||r|||| 00| 0 |
| 008 - FIXED-LENGTH DATA ELEMENTS--GENERAL INFORMATION | |
| Πεδίο ελέγχου σταθερού μήκους | 250805b |||||||| |||| 00| 0 eng d |
| 020 ## - ISBN | |
| ISBN | 9789600117967 |
| 040 ## - ΠΗΓΗ ΚΑΤΑΛΟΓΟΓΡΑΦΗΣΗΣ | |
| Γλώσσα καταλογογράφησης | Ελληνικά, Μοντέρνα (1453-) |
| Φορέας πρωτότυπης καταλογογράφησης | MC Athens Campus Library |
| Modifying agency | MC Athens Campus Library |
| Κανόνες περιγραφικής καταλογογράφησης | AACR2 |
| 245 03 - ΤΙΤΛΟΣ ΚΑΙ ΔΗΛΩΣΗ ΥΠΕΥΘΥΝΟΤΗΤΑΣ | |
| Τίτλος | Οι υποψήφιοι εκπαιδευτικοί παρατηρούν, παρεμβαίνουν και αναστοχάζονται : |
| Remainder of title | προτάσεις υποστήριξης της πρακτικής άσκησης / |
| Statement of responsibility, etc. | Αλεξάνδρα Ανδρούσου... [κ.ά.] ; επιμέλεια Σοφία Αυγητίδου, Μαριάννα Τσεκάκη, Βασίλης Τσάφος |
| 260 ## - PUBLICATION, DISTRIBUTION, ETC. | |
| Place of publication, distribution, etc. | Αθήνα : |
| Name of publisher, distributor, etc. | Gutenberg, |
| Date of publication, distribution, etc. | c2016 |
| 300 ## - PHYSICAL DESCRIPTION | |
| Διαστάσεις | 24εκ. |
| 500 ## - GENERAL NOTE | |
| Γενική σημείωση | 4 βιβλία σε ντοσιέ |
| 520 ## - SUMMARY, ETC. | |
| Summary, etc. | Το συλλογικό αυτό έργο αποτελεί προϊόν συνεργασίας των μελών του Δικτύου Πρακτικών Ασκήσεων των Τμημάτων Προσχολικής Εκπαίδευσης. Στο βιβλίο αυτό, οι συγγραφείς εισηγούνται θεωρητικά πλαίσια, διαδικασίες, μεθόδους, εργαλεία και γενικότερα τρόπους υποστήριξης των υποψηφίων εκπαιδευτικών στο πλαίσιο της Πρακτικής τους Άσκησης. Με αυτόν τον τρόπο σχεδιάζονται οι φάσεις ανάπτυξης της Πρακτικής Άσκησης και παρέχεται το αντίστοιχο υποστηρικτικό υλικό. Το υλικό αυτό αφορά σε ασκήσεις, δραστηριότητες, σενάρια, παραδείγματα πρακτικών, πάνω στα οποία οι φοιτητές και οι φοιτήτριες καλούνται, ατομικά αλλά και ομαδικά, να αναστοχαστούν, να προβληματιστούν, να θέσουν ερωτήματα, να αναζητήσουν απαντήσεις και να διαμορφώσουν σταδιακά τη δική τους προσέγγιση στην εκπαιδευτική πράξη μέσα από μία συμμετοχική και συνεργατική διαδικασία. Σε κάθε ενότητα υπάρχουν παραπομπές σε θεωρητικά κείμενα, που υποστηρίζουν τους φοιτητές και τις φοιτήτριες στη στοχαστική προσέγγιση των δραστηριοτήτων, των παραδειγμάτων και των ασκήσεων, που εμπεριέχονται στο βιβλίο και αναδεικνύουν τη σχέση αλληλεξάρτησης ανάμεσα στην εκπαιδευτική θεωρία και την εκπαιδευτική πράξη. Απώτερος στόχος μέσα από μια τέτοια διαδικασία είναι οι φοιτητές και οι φοιτήτριες να γίνουν προοπτικά εκπαιδευτικοί ερευνητές, δηλαδή (ανα)στοχαζόμενοι επαγγελματίες, οι οποίοι θα προσπαθούν να συμμετέχουν στη λήψη συνειδητών αποφάσεων σε όλα τα επίπεδα, θα έχουν έτσι τη δυνατότητα να (ανα)στοχάζονται προσεγγίζοντας μια εκπαιδευτική συνθήκη από ποικίλες οπτικές, να συνεργάζονται, να δοκιμάζουν μια λύση ενώ ταυτόχρονα να διερωτώνται για τις εκπαιδευτικές τους αξίες. Τέλος οι φοιτητές και οι φοιτήτριες θα μάθουν να ερευνούν και να αποτιμούν την εκπαιδευτική πράξη στην προοπτική της συνεχούς βελτίωσής της. |
| 650 #0 - SUBJECT ADDED ENTRY--TOPICAL TERM | |
| Topical term or geographic name entry element | Εκπαίδευση |
| 9 (RLIN) | 9953 |
| 650 #0 - SUBJECT ADDED ENTRY--TOPICAL TERM | |
| Topical term or geographic name entry element | Αγωγή |
| 9 (RLIN) | 9954 |
| 942 ## - ADDED ENTRY ELEMENTS (KOHA) | |
| Koha item type | Books |
| Τύπος τεκμηρίου | Βιβλιοθήκη | Τρέχουσα τοποθεσία | Barcode | Αριθμός εισαγωγής | Ημερομηνία απόκτησης | Ταξιθετικό σύμβολο | Αριθμός αντιτύπου | Κατάσταση απόσυρσης | Κατάσταση χαμένου | Κατάσταση κατεστραμμένου | Μη δανεισμός | Σύνολο δανεισμών | Ημερομηνία τελευταίας εμφάνισης | Η τιμή ισχύει από |
|---|---|---|---|---|---|---|---|---|---|---|---|---|---|---|
| Books | MC Athens Campus Library | MC Athens Campus Library | 9780000098443 | 8067 | 05/08/2025 | 370.71 ΥΠΟ | 1 | 05/08/2025 | 05/08/2025 |